000 00506nam a2200205Ia 4500
999 _c96163
_d96163
003 0100
005 20171122125148.0
008 130307s9999 xx 000 0 und d
020 _a071006036X
040 _cARRUPELIB
050 _aGN475.8.B4 1969
245 _aSpirit mediumship and society in Africa
260 _aLondon
_bRoutledge and Keagan Paul
_c1969
300 _a310p.
300 _b22cm.
650 _aWitchcraft
_xAfrica
_937689
700 _aBeattie, John and Middleton, John (ed.)
_937690
942 0 0 _02
_2lcc
_cMONOGRAPH